000 00684nam a2200217Ia 4500
003 GCL
008 140319s9999 xx 000 0 ara d
040 _aGCL /
_cGCL
082 0 4 _a640
_bا ت
100 1 _aاحسان البقلى
245 1 0 _aالتخطيط والادارة فى الاقتصاد المنزلى /
_cاحسان البقلى
700 1 _aدرية امين
260 _a[S.N] :
_bمكتبة الانجلوالمصرية ،
_c1985
300 _a348 ص
490 _a
650 0 4 _aالاقتصاد المنزلى
650 0 4 _aتكاليف مستوى المعيشة
650 0 4 _aالاغذية
650 0 4 _aميزانية الاسرة
942 _2ddc
_cBK
999 _c33374
_d33374